[Event "Pilsen Region-chT 2223"]
[Site "Czech Republic"]
[Date "2023.02.12"]
[Round "8.4"]
[White "Mundil, Jindrich"]
[Black "Vilimek, Vit"]
[Result "0-1"]
[WhiteElo "1876"]
[BlackElo "1964"]
[PlyCount "132"]
[EventDate "2022.10.09"]
[EventType "team-tourn"]
[EventRounds "11"]
[EventCountry "CZE"]
[SourceTitle "EXT 2024"]
[Source "ChessBase"]
[SourceDate "2023.10.10"]
[SourceVersion "1"]
[SourceVersionDate "2023.10.10"]
[SourceQuality "1"]
[WhiteTeam "Plzen Letna"]
[BlackTeam "Line III"]
[WhiteTeamCountry "CZE"]
[BlackTeamCountry "CZE"]

1. c4 Nf6 2. Nc3 g6 3. e4 d6 4. d4 Bg7 5. Be2 0-0 6. Nf3 e5 7. dxe5 dxe5 8. 0-0 c6 9. Bg5 Qc7 10. Qc2 a5 11. Rfd1 Na6 12. a3 Be6 13. h3 Nd7 14. Be3 f6 15. Rac1 Ndc5 16. Na4 Nxa4 17. Qxa4 b6 18. Qc2 Rfe8 19. Rd2 Bf8 20. Rcd1 Nc5 21. b3 a4 22. b4 Nb3 23. Rd3 c5 24. b5 Nd4 25. Bxd4 cxd4 26. Rc1 Rec8 27. Nd2 Ra5 28. Rb1 Qf7 29. Rf3 Bh6 30. Rb4 Kg7 31. Nb1 Qa7 32. Bd3 Qf7 33. g4 Ra7 34. Kg2 Rac7 35. Qxa4 Bxc4 36. Qa6 Bxd3 37. Rxd3 Rb8 38. Qa4 Qa2 39. Qb3 Qxb3 40. Rbxb3 Rc2 41. h4 Be3 42. Rxe3 dxe3 43. Rxe3 Rbc8 44. Rd3 R8c7 45. Rd6 Rb2 46. Nd2 Kf7 47. Nf3 Rxb5 48. g5 fxg5 49. Nxg5+ Ke7 50. Re6+ Kd7 51. Rf6 Kc8 52. Ne6 Re7 53. Ng5 Kc7 54. Ne6+ Kb8 55. Ng5 Ka7 56. Nf7 Rd7 57. Nd6 Rc5 58. a4 Ka6 59. Nf7 Ka5 60. Ng5 Rb7 61. Re6 Kxa4 62. Nf3 b5 63. Nxe5 b4 64. Nd3 Rc3 65. Rd6 b3 66. Rd4+ Ka5 0-1

[Event "CZE-chT2A 1415"]
[Site "Czech Republic"]
[Date "2015.02.08"]
[Round "7.7"]
[White "Koubek, Vaclav"]
[Black "Mundil, Jindrich"]
[Result "0-1"]
[WhiteElo "2035"]
[BlackElo "1871"]
[PlyCount "110"]
[EventDate "2014.11.02"]
[EventType "team-tourn"]
[EventRounds "11"]
[EventCountry "CZE"]
[SourceTitle "EXT 2022"]
[Source "ChessBase"]
[SourceDate "2021.10.06"]
[SourceVersion "1"]
[SourceVersionDate "2021.10.06"]
[SourceQuality "1"]
[WhiteTeam "Praha Dukla"]
[BlackTeam "Plzen Letna"]
[WhiteTeamCountry "CZE"]
[BlackTeamCountry "CZE"]

1. e4 c6 2. d4 d5 3. e5 Bf5 4. Nc3 e6 5. g4 Bg6 6. Nge2 h6 7. Nf4 Bh7 8. Bd3 Bxd3 9. Qxd3 Nd7 10. Be3 c5 11. 0-0-0 c4 12. Qe2 Qa5 13. Bd2 Bb4 14. Kb1 Ne7 15. a3 Bxc3 16. Bxc3 Qb6 17. h4 a5 18. g5 Nf5 19. g6 0-0 20. Qg4 Qc6 21. Rhg1 b5 22. Nh5 f6 23. Rge1 fxe5 24. dxe5 Nc5 25. Nf6+ Kh8 26. Bd4 Nxd4 27. Rxd4 b4 28. Nh7 Rxf2 29. Rf4 Rxf4 30. Qxf4 Qe8 31. h5 b3 32. Rf1 bxc2+ 33. Kxc2 Nd3 34. Qd4 Qa4+ 35. Kb1 Kg8 36. Nf6+ Kh8 37. Ng4 Rb8 38. Ne3 Qxa3 39. Nd1 Kg8 40. Rf7 Qb3 41. Rf1 a4 42. Qa7 Nxe5 43. Qf2 c3 44. Qe2 c2+ 45. Qxc2 Qxc2+ 46. Kxc2 Rc8+ 47. Kb1 Nc4 48. Re1 Nd2+ 49. Ka2 Ne4 50. Ka3 Rc4 51. Ne3 Rd4 52. Rc1 Kf8 53. Rf1+ Nf6 54. Nc2 Rh4 55. Re1 Ke7 0-1